Stacje kolejowe w Warszawie na mapie - Statystyki

Ogólne statystyki
  • Ten quiz został rozwiązany 167 razy
    143 od ostatniego zresetowania
  • Średni wynik to 30 z 49
Odpowiedzi na mapie
Odpowiedzi zakodowano w zielono-czerwonej skali na mapie do tego quizu, zgodnie z poniższymi procentami.
 
Statystyki odpowiedzi
Stacja kolejowa % Poprawnych
Warszawa Centralna
97%
Warszawa Wschodnia
97%
Warszawa Zachodnia
97%
Warszawa Śródmieście
92%
Warszawa Gdańska
88%
Warszawa Ursus
87%
Warszawa Stadion
86%
Warszawa Główna
83%
Warszawa Powiśle
83%
Warszawa Ochota
80%
Warszawa Wileńska
80%
Warszawa Lotnisko Chopina
75%
Warszawa Praga
74%
Warszawa Rembertów
74%
Warszawa Wola
73%
Warszawa Targówek
71%
Warszawa Ursus Niedźwiadek
68%
Warszawa Włochy
67%
Warszawa Grochów
66%
Warszawa Okęcie
66%
Warszawa Aleje Jerozolimskie
64%
Warszawa Służewiec
64%
Warszawa Wawer
62%
Warszawa Anin
59%
Warszawa ZOO
58%
Warszawa Żerań
57%
Warszawa Falenica
56%
Warszawa Wesoła
56%
Warszawa Koło
55%
Warszawa Toruńska
54%
Warszawa Powązki
53%
Warszawa Gołąbki
52%
Warszawa Młynów
52%
Warszawa Ursus Północny
51%
Warszawa Zachodnia Peron 9
50%
Warszawa Żwirki i Wigury
47%
Warszawa Zacisze-Wilno
46%
Warszawa Płudy
45%
Warszawa Rakowiec
45%
Warszawa Choszczówka
43%
Warszawa Mokry Ług
42%
Warszawa Olszynka Grochowska
41%
Warszawa Międzylesie
40%
Warszawa Radość
40%
Warszawa Gocławek
38%
Warszawa Dawidy
37%
Warszawa Jeziorki
37%
Warszawa Miedzeszyn
36%
Warszawa Wola Grzybowska
36%
Nie znaleziono quizów pasujących do podanych kryteriów
Rozkład punktacji
Procent ludzi z każdym wynikiem
Percentyl według liczby udzielonych odpowiedzi
Twoja historia wyników
Nie rozwiązałeś tego quizu od ostatniego zresetowania